| 000 | 01556nam a2200337 a 4500 | ||
|---|---|---|---|
| 001 | 0000231 | ||
| 003 | DO-SdBNP | ||
| 005 | 20160413095346.0 | ||
| 007 | 0000231 | ||
| 008 | 150130s2013 dr ac 000 0 spa d | ||
| 020 | _a9789945174830 | ||
| 040 |
_aBPMSU _bspa _cBPMSU |
||
| 092 |
_a373.7 _bM425a, 3ro, 2013 |
||
| 245 | 0 | 0 |
_aMatemática 3 : _beducación media / _cgerencia editorial Anna Rogero Soler ; colaboración Alma De La Rosa; ilustraciones Joaquín Turina. |
| 260 |
_aSanto Domingo : _bSM, _c2013. |
||
| 300 |
_a 311 p. _bil., retrs, _c29 cm. + _eCD Room : |
||
| 490 | 1 | _aProyecto Sé | |
| 500 | _aCada volumen incluye CD | ||
| 505 | 1 |
_gunidad 1 -- _tSistemas de: ecuaciones lineales e inecuaciones lineales -- _gunidad 2 -- _tVectores -- _gunidad 3 -- _tMatrices y determinantes -- _gunidad 4 -- _tSegmentos y ángulos en la circunferencia. Geometría analítica -- _gunidad 5 -- _tÁreas de figuras planas. Áreas y volumen de sólidos -- _gunidad 6 -- _tFunciones -- _gunidad 7 -- _tRazones trigonométricas -- _gunidad 8 -- _tFunciones trigonométricas directas e inversas -- _tGlosario -- _tBibliografía -- |
|
| 650 |
_aMATEMÁTICA _xENSEÑANZA SECUNDARIA |
||
| 650 |
_aEDUCACIÓN SECUNDARIA _xREPÚBLICA DOMINICANA |
||
| 650 |
_aMATEMÁTICA _xLIBROS DE TEXTOS |
||
| 650 |
_aMATEMÁTICA _xESTUDIOS Y EJERCICIOS |
||
| 700 | 1 | 2 |
_aRogero Soler, Anna _eed. |
| 700 | 1 | 2 |
_aTurina, Joaquin _eil. |
| 700 | 1 | 2 | _aRosa, Alma De La |
| 830 | 0 | _aProyecto Sé | |
| 910 | _aValidado. Control de calidad MFF | ||
| 942 |
_2ddc _cBK |
||
| 956 |
_aYLOCKWARD _b10 |
||
| 999 |
_c9496 _d9496 |
||